Recepción Hotelera (Registro nro. 7210)
[ vista simple ]
| 000 -CABECERA | |
|---|---|
| campo de control de longitud fija | 00469atm a2200181 4500 |
| 005 - FECHA Y HORA DE ACTUALIZACIÓN | |
| campo de control | 20170214144015.0 |
| 008 - LONGITUD FIJA | |
| campo de control de longitud fija | 150903b xxu||||| |||| 00| | spa d |
| 041 ## - IDIOMA | |
| Código de idioma del texto/pista de sonido o título separado | |
| 082 ## - CLASIFICACIÓN DECIMAL DEWEY | |
| Número de clasificación | 1.2.53 W587r2 |
| 100 ## - AUTOR PERSONAL | |
| Nombre de persona | White, Paul B.; Beckley, Helen |
| 245 ## - TÍTULO PROPIAMENTE DICHO | |
| Título | Recepción Hotelera |
| 250 ## - EDICIÓN | |
| Mención de edición | 2 edición |
| 260 ## - PIE DE IMPRENTA | |
| Lugar de publicación, distribución, etc. | México |
| Nombre del editor, distribuidor, etc. | Continental |
| Fecha de publicación, distribución, etc. | 1992 |
| 300 ## - DESCRIPCIÓN FÍSICA | |
| Extensión | 257 páginas |
| 650 ## - Materia General | |
| Materia general | RECEPCIÓN HOTELERA |
| 650 ## - Materia General | |
| Materia general | HOTELERÍA |
| 942 ## - Punto de Acceso Adicional Koha | |
| Tipo de ítem Koha | Libro |
| Estado perdido | Estado dañado | No para préstamo | Biblioteca permanente | Biblioteca actual | Signatura completa | Código de barras | Precio efectivo a partir del | Tipo de ítem |
|---|---|---|---|---|---|---|---|---|
| Departamento de Biblioteca y Documentación Alfonso Chase Brenes | Departamento de Biblioteca y Documentación Alfonso Chase Brenes | 1.2.53 W587r2 | 4428 | 14/02/2017 | Libro |